Normal view
MARC view
Entry Término temático
001 - NÚMERO DE CONTROL
- campo de control: 30022
003 - IDENTIFICADOR DEL NÚMERO DE CONTROL
- campo de control: FranzMayer
005 - FECHA Y HORA DE LA ÚLTIMA TRANSACCIÓN
- campo de control: 20250815181521.0
008 - DATOS DE LONGITUD FIJA
- campo de control de longitud fija: 250815|| aca||aabn | a|a d
040 ## - FUENTE DE LA CATALOGACIÓN
- Centro catalogador/agencia de origen: FranzMayer
- Centro/agencia transcriptor: FranzMayer
150 ## - ENCABEZAMIENTO--TÉRMINO DE MATERIA
- Término de materia o nombre geográfico como elemento de entrada: Arte decorativo chino
670 ## - FUENTE DE DATOS ENCONTRADOS
- Cita de la fuente: Work cat.: (FranzMayer)11085: Museo Franz Mayer. Arte y diseño. 30021, Tesoros de china: , 2023